000 00492nam a2200097Ia 4500
008 180130s9999 xx 000 0 und d
245 _cHalkier, Bente
_aSustainable lifestyles in a new economy: a practice theoretical perspective on change behavior campaigns and sustainability issues
260 _c2013
300 _aBook title: Innovations in sustainable consumption : new economics, socio-technical transitions and social practices--Acession number C17507; pages 209-228
650 _aECONOMICS
999 _c354481
_d354481